<?xml version="1.0" encoding="UTF-8"?><?xml-stylesheet type="text/xsl" href="static/style.xsl"?><OAI-PMH xmlns="http://www.openarchives.org/OAI/2.0/" xmlns:xsi="http://www.w3.org/2001/XMLSchema-instance" xsi:schemaLocation="http://www.openarchives.org/OAI/2.0/ http://www.openarchives.org/OAI/2.0/OAI-PMH.xsd"><responseDate>2026-06-01T07:50:57Z</responseDate><request verb="GetRecord" identifier="oai:riuma.uma.es:10630/46276" metadataPrefix="marc">https://riuma.uma.es/rest/oai/request</request><GetRecord><record><header><identifier>oai:riuma.uma.es:10630/46276</identifier><datestamp>2026-04-07T23:46:30Z</datestamp><setSpec>com_10630_2254</setSpec><setSpec>col_10630_37953</setSpec></header><metadata><record xmlns="http://www.loc.gov/MARC21/slim" xmlns:dcterms="http://purl.org/dc/terms/" xmlns:doc="http://www.lyncode.com/xoai" xmlns:xsi="http://www.w3.org/2001/XMLSchema-instance" xsi:schemaLocation="http://www.loc.gov/MARC21/slim http://www.loc.gov/standards/marcxml/schema/MARC21slim.xsd">
   <leader>00925njm 22002777a 4500</leader>
   <datafield ind2=" " ind1=" " tag="042">
      <subfield code="a">dc</subfield>
   </datafield>
   <datafield ind2=" " ind1=" " tag="720">
      <subfield code="a">Ruiz-Valero, Ángel</subfield>
      <subfield code="e">author</subfield>
   </datafield>
   <datafield ind2=" " ind1=" " tag="720">
      <subfield code="a">Salvo-Tierra, Ángel Enrique</subfield>
      <subfield code="e">author</subfield>
   </datafield>
   <datafield ind2=" " ind1=" " tag="720">
      <subfield code="a">Peña-Ortiz, Jaime</subfield>
      <subfield code="e">author</subfield>
   </datafield>
   <datafield ind2=" " ind1=" " tag="260">
      <subfield code="c">2026-04-07</subfield>
   </datafield>
   <datafield ind2=" " ind1=" " tag="520">
      <subfield code="a">To advance the Sustainable Development Goals, it is essential to correct imbalances in how the benefits of urban trees are distributed across different demographic and socioeconomic groups. Environmental justice studies have frequently overlooked assumptions regarding the data-generating process and have not considered spatial confounding. This oversight potentially misestimates patterns of inequity. This study evaluates the sensitivity of inequity to model assumptions using urban tree inventories from Málaga and Sevilla and Bayesian hierarchical models. City-level differences dominated the inequity patterns, and model specification influenced the magnitude, precision, and credibility of estimated effects, though directionality remained consistent. Patterns were highly consistent across the four ecosystem services, indicating that model assumptions affected all services equivalently. Málaga and Seville exhibited divergent inequity patterns, indicating that local urban context mediates these relationships. In Seville, inequity patterns were inconsistent with the luxury hypothesis and occurred primarily across age-based demographic strata, whereas in Málaga they manifested predominantly along ethnicity, with weaker evidence of income inequities. We advocate for explicitly modeling spatial data-generating processes and comparing conventional versus confounding-mitigated approaches. This city-specific rigor is essential for urban planners to prevent resource misallocation, ensuring that tree-planting strategies address genuine inequities rather than methodological biases.</subfield>
   </datafield>
   <datafield ind1="8" ind2=" " tag="024">
      <subfield code="a">Ruiz-Valero, Á., Salvo-Tierra, Á. E., &amp; Pereña-Ortiz, J. F. (2026). The Spatial Data Generating Process Matters: Re-Evaluating Socio-Economic and Demographic Drivers of Environmental Justice of Urban Tree Ecosystem Services in Two Mediterranean Cities. Urban Science, 10(4), 205. https://doi.org/10.3390/urbansci10040205</subfield>
   </datafield>
   <datafield ind1="8" ind2=" " tag="024">
      <subfield code="a">2413-8851</subfield>
   </datafield>
   <datafield ind1="8" ind2=" " tag="024">
      <subfield code="a">https://hdl.handle.net/10630/46276</subfield>
   </datafield>
   <datafield ind1="8" ind2=" " tag="024">
      <subfield code="a">10.3390/urbansci10040205</subfield>
   </datafield>
   <datafield tag="653" ind2=" " ind1=" ">
      <subfield code="a">Ecología - Aspectos económicos</subfield>
   </datafield>
   <datafield tag="653" ind2=" " ind1=" ">
      <subfield code="a">Ecosistemas - Gestión</subfield>
   </datafield>
   <datafield tag="653" ind2=" " ind1=" ">
      <subfield code="a">Estadística bayesiana</subfield>
   </datafield>
   <datafield tag="653" ind2=" " ind1=" ">
      <subfield code="a">Árboles de ciudad</subfield>
   </datafield>
   <datafield ind2="0" ind1="0" tag="245">
      <subfield code="a">The Spatial Data Generating Process Matters: Re-Evaluating Socio-Economic and Demographic Drivers of Environmental Justice of Urban Tree Ecosystem Services in Two Mediterranean Cities.</subfield>
   </datafield>
</record>
</metadata></record></GetRecord></OAI-PMH>